000
00493nam a2200145Ia 4500
008
100122s9999 xx 000 0 und d
082
_b
59357
_a
294.5921
100
_a
देशमुख श्रीकृष्ण
245
_a
मुण्डकोपनिषद
260
_b
महाराष्ट्र ग्रंथ भांडार
_c
2000
300
_a
108
630
_a
मुण्डकोपनिषद
730
_a
मुण्डकोपनिषद
942
_c
BOOK
999
_c
434954
_d
434951